Rediseñando el futuro

Bibliographic Details
Main Author: Ackoff, Russell L.
Format: Section = Libro
Language:Undetermined
Spanish
Published: México Limusa 1979
Subjects:
LEADER 00464nam a2200193Ia 4500
008 240829s9999 xx 000 0 und d
020 |a 968-18-0147-4 
040 |a BIBLIOTECA-RUPAP 303.4 A182 
041 |a spa 
082 |a 303.4 A182 
100 1 |a Ackoff, Russell L. 
245 1 0 |a Rediseñando el futuro 
260 |a México  |b Limusa  |c 1979 
300 |a 332 p. :il. 
650 7 |a SOCIOLOGIA 
650 7 |b  EDUCACION. 
942 |c BK  |2 ddc 
991 |a TEXTO 
999 |c 7226